Globálne riadenie dodávateľského reťazca - luxus alebo nutnosť?

Globalizácia a hľadanie čo najefektívnejších logistických systémov doručenia produktov a služieb ku konečnému zákazníkovi. Štyri strategické oblasti úspešnej implementácie globálneho riadenia dodávateľského reťazca (SCM - Supply chain management). Rozdiely medzi regiónmi v stupni a úrovni poskytovan...

Ausführliche Beschreibung

Gespeichert in:
Bibliographische Detailangaben
1. Verfasser: Dudek, Slavomír
Format: Buchkapitel
Sprache:Slowakisch
Schlagworte:
Tags: Tag hinzufügen
Keine Tags, Fügen Sie das erste Tag hinzu!

MARC

LEADER 00000naa$a2200000$$$4500
001 0094425
005 20240502072041.7
041 0 |a slo 
044 |a SK 
245 1 0 |a Globálne riadenie dodávateľského reťazca - luxus alebo nutnosť?  |c Slavomír Dudek 
520 |a Globalizácia a hľadanie čo najefektívnejších logistických systémov doručenia produktov a služieb ku konečnému zákazníkovi. Štyri strategické oblasti úspešnej implementácie globálneho riadenia dodávateľského reťazca (SCM - Supply chain management). Rozdiely medzi regiónmi v stupni a úrovni poskytovania služieb. Maximálne využitie prepravných možností reťazca a zvýšenie efektivity nákladov. Ako vhodne navrhnúť štruktúru SCM. 
610 2 0 |a reťazce dodávateľsko-odberateľské 
610 2 0 |a riadenie reťazcov dodávateľských 
610 2 0 |a manažment 
610 2 0 |a preprava 
610 2 0 |a distribúcia 
610 2 0 |a náklady 
610 2 0 |a efektívnosť 
610 2 0 |a trh 
610 2 0 |a globalizácia 
100 1 |a Dudek, Slavomír